Women, poverty, and AIDS : sex, drugs, and structural violence /

Bibliographic Details
Other Authors: Farmer, Paul, 1959-, Connors, Margaret, Simmons, Janie
Format: Book
Language:English
Published: Monroe, Me : Common Courage Press, [1996]
Series:Series in health and social justice.
Subjects:

MARC

Tag First Indicator Second Indicator Subfields
LEADER 00000cam a2200000 a 4500
001 in00001349421
005 20151006060301.0
008 960715s1996 meua b 001 0 eng
010 |a  96027349  
020 |a 1567510752 (cloth : alk. paper) 
020 |a 1567510744 (pbk. : alk. paper) 
035 |a (OCoLC)35138213 
035 |9 AHG0016AM 
040 |a DLC  |c DLC  |d YDX  |d UMC  |d TXA  |d UtOrBLW 
049 |a TXAM 
050 0 0 |a RA644.A25  |b W657 1996 
082 0 0 |a 362.1/969792  |2 20 
245 0 0 |a Women, poverty, and AIDS :  |b sex, drugs, and structural violence /  |c edited by Paul Farmer, Margaret Connors, Janie Simmons. 
264 1 |a Monroe, Me :  |b Common Courage Press,  |c [1996] 
264 4 |c ©1996 
300 |a xxi, 473 pages :  |b illustrations ;  |c 20 cm. 
336 |a text  |b txt  |2 rdacontent 
337 |a unmediated  |b n  |2 rdamedia 
338 |a volume  |b nc  |2 rdacarrier 
490 1 |a Series in health and social justice 
504 |a Includes bibliographical references (pages 371-456) and index. 
650 0 |a AIDS (Disease)  |x Social aspects. 
650 0 |a AIDS (Disease)  |x Sex factors. 
650 0 |a Poor women  |x Diseases. 
700 1 |a Farmer, Paul,  |d 1959- 
700 1 |a Connors, Margaret. 
700 1 |a Simmons, Janie. 
830 0 |a Series in health and social justice. 
999 |a MARS 
999 f f |s e2cac3d2-60a5-338f-81ef-4a151f44f224  |i 26f45875-a2dc-3e39-990c-813dda5385c2  |t 0 
952 f f |p ric  |a Texas A&M University  |b Rellis Campus  |c Joint Library Facility  |d Remote Storage  |t 0  |e RA644.A25 W657 1996  |h Library of Congress classification  |i unmediated -- volume  |m A14841530590 
998 f f |a RA644.A25 W657 1996  |t 0  |l Remote Storage